Biogeography: an ecological and evolutionary approach (Registro nro. 816)

Detalles MARC
000 -CABECERA
Campo de control 00904cam a2200265 4500
005 - FECHA Y HORA DE LA ULTIMA TRANSACCION
Campo de control 20160927124848.0
008 - ELEMENTOS DE LONGITUD FIJA—INFORMACION GENERAL
Campo de control 730508s1973 nyua b 001 0 eng
020 ## - ISBN
ISBN 0470181303
040 ## - FUENTE DE CATALOGACIÓN
Agencia catalogadora original DLC
Agencia transcriptora DLC
Agencia Modificadora DLC
-- ICU
-- CO-BoIAVH
041 0# - IDIOMA
Código de idioma para texto/pista de sonido o título separado Inglés
044 ## - PAÍS DE PUBLICACIÓN
País de publicación Estados Unidos
082 04 - NUMERO DE CLASIFICACION DECIMAL DEWEY
Número de clasificación 578.09
Número del ítem C87b
100 1# - ASIENTO PRINCIPAL--NOMBRE PERSONAL
Nombre personal Cox, C. Barry
Fechas asociadas con el nombre 1931-
Término relacionado autor
9 (RLIN) 76603
245 10 - MENCION DE TITULO
Título Biogeography: an ecological and evolutionary approach
Mención de responsabilidad C. Barry Cox y Peter D. Moore.
250 ## - MENCION DE EDICION
Mención de edición Quinta edición
260 ## - PUBLICACION, DISTRIBUCION, ETC. (PIE DE IMPRENTA)
Lugar de publicación, distribución, etc. New York, EE. UU.,
Nombre del editor, distribuidor, etc. Wiley,
Fecha de publicación, distribución, etc. [1973]
300 ## - DESCRIPCION FISICA
Extensión viii, 179 páginas :
Otros detalles físicos ilustraciones, mapas y gráficas ;
Dimensiones 24 x 17 cm.
504 ## - NOTA DE BIBLIOGRAFIA, ETC.
Nota de bibliografía Incluye referencias bibliográficas.
650 26 - ASIENTO SECUNDARIO DE MATERIA - TERMINO TEMATICO
Término temático o nombre geográfico como elemento de entrada Biogeografía
9 (RLIN) 76604
650 26 - ASIENTO SECUNDARIO DE MATERIA - TERMINO TEMATICO
Término temático o nombre geográfico como elemento de entrada Medio ambiente
Subdivisión general monitoreo
9 (RLIN) 76605
650 24 - ASIENTO SECUNDARIO DE MATERIA - TERMINO TEMATICO
Término temático o nombre geográfico como elemento de entrada Ecosistemas
Subdivisión general monitoreo
9 (RLIN) 76606
650 26 - ASIENTO SECUNDARIO DE MATERIA - TERMINO TEMATICO
Término temático o nombre geográfico como elemento de entrada Biodiversidad
Subdivisión general monitoreo
9 (RLIN) 76607
700 1# - ASIENTO SECUNDARIO - NOMBRE PERSONAL
Nombre personal Moore, Peter D.
Término de relación autor
9 (RLIN) 9315
942 ## - ELEMENTOS ADICIONALES (KOHA)
Sistema de clasificación Dewey Decimal Classification
Tipo de ítem Libro
Existencias
Withdrawn status Lost status Sistema de Clasificación Damaged status No para préstamo Colección Inventariado Ubicación Permanente Ubicación actual Fecha de adquisición Fuente de Valor Valor Total Checkouts Total Renewals Número topográfico Inventario / Código de Barras Date last seen Date checked out Ejemplar Price effective from Forma de adquisición Tipo de material
    Dewey Decimal Classification     General Inventariado 2017 Sala Fabio Quevedo Sala Fabio Quevedo 09/08/1998 Instituto 39000.00 2 2 LB-578.09 C87b 001156 13/01/2015 11/09/2014 Ej. 1 04/12/2012 Donación Libro